| 000 | 00363cam a2200145ua 4500 | ||
|---|---|---|---|
| 041 |
_aeng _h |
||
| 082 |
_a621.815 _bSHA/SO |
||
| 100 | _aShahane, . | ||
| 245 |
_aMachine design / _cShahane. _hTextual Documents |
||
| 260 |
_apoona : _bLachman dass for model publishing house , _c1953. |
||
| 300 | _a316 ; . | ||
| 504 | _a | ||
| 942 | _cBK | ||
| 999 |
_c12091 _d12091 |
||